000 01490cam a2200361 a 4500
001 3960182
003 ARRUPE
005 20140122020008.0
008 940606s1995 enkab b 001 0 eng
010 _a 94019810
020 _a0521470595
040 _aDLC
_cDLC
_dDLC
043 _af-ke---
050 0 0 _aJQ2947.A2
_bH38 1995
082 0 0 _a320.96762
_220
100 1 _aHaugerud, Angelique,
_d1952-
_94438
245 1 4 _aThe culture of politics in modern Kenya /
_cAngelique Haugerud.
260 _aCambridge ;
_aNew York :
_bCambridge University Press,
_c1995.
300 _axvi, 266 p. :
_bill., maps ;
_c24 cm.
440 0 _aAfrican studies series ;
_v84
_94439
504 _aIncludes bibliographical references (p. 238-257) and index.
650 0 _aPolitical culture
_zKenya.
_94440
651 0 _aKenya
_xPolitics and government
_y1978-
_94441
651 0 _aKenya
_xEconomic conditions
_y1963-
_94442
651 0 _aKenya
_xSocial conditions
_y1963-
_94443
651 0 _aEmbu (Kenya : District)
_xEconomic conditions.
_94444
651 0 _aEmbu (Kenya : District)
_xSocial conditions.
_94445
856 4 2 _3Publisher description
_uhttp://www.loc.gov/catdir/description/cam026/94019810.html
856 4 1 _3Table of contents
_uhttp://www.loc.gov/catdir/toc/cam022/94019810.html
906 _a7
_bcbc
_corignew
_d1
_eocip
_f19
_gy-gencatlg
942 _2lcc
_cMONOGRAPH
_01
999 _c118859
_d118859